00661nam a22002297a 450000500170000001000110001702000100002803500110003803700160004904000120006508200150007710000210009224500950011324600060020826000480021427000410026230000310030350000190033465000300035365000260038370000220040920170124110020.0 a772204 c17.00 a772204 bCen Lib/Ret aDPLbEN a641.7bPLA aPlatt, Robert B. aEnvironmental measurement and interpretation /cby Robert B. Platt [and] John F. Griffiths b  aNew DelhibAffiliated East-West Pressc1975 a9-Nizamuddin EastbNew Delhie110013 axii,235p. :c22cm(Hb)bill aIncludes index aBioclimatology--Technique aBiology, Experimental aGriffiths, John F